000 00512nam a2200157Ia 4500
008 240126s9999 xx 000 0 und d
041 _aEnglish
245 0 _aExpress Computer (1999 -
260 _bIndian Express Newspapers
_aMumbai
300 _aWeekly
440 _aNULL
520 _aFor On-line : http://www.expresscomputeronline.com Sup:// 1. Express Computer, the technology professional's choice.
650 _aComputer Science
650 _aExpress,Computer,(1999,-,Computer Science
942 _cJN
999 _c267061
_d267061